000 00332nam a2200133Ia 4500
005 20260326100035.0
008 260326s9999||||xx |||||||||||||| ||und||
100 _aFulcanelli
245 0 _aEl Misterio de las catedrales /
_cFulcanelli
260 _bPlaza & Janés
300 _a202 p.
650 _aARQUITECTURA-GENERAL
942 _cBK
999 _c6786
_d6786